000 00723nam a2200217 4500
001 123360
003 ES-MaACL
005 20240523063034.0
007 t|
008 070214s1981 sp r ||||1| spa d
100 1 _aQuevedo, Francisco de,
_d1580-1645
_994591
245 1 0 _aCien poemas de Don Francisco de Quevedo /
_cselección, prólogo y notas de José María Balcells.
250 _a1ª. ed.
260 _aBarcelona :
_bPlaza & Janés,
_c1981.
300 _a252 p. ;
_c19 cm.
490 1 _aSelecciones de poesía española
700 1 _aBalcells, José María,
_d1943-
_924862
830 0 _aSelecciones de Poesía Española
_9181179
852 _aES-MaACL
_jL-1271
_bR.102055
999 _c123360
_d123360